000 00482nam a22001697a 4500
999 _c527088
_d527088
003 NUST
020 _qHBK
038 _aFaiza
082 _a320
_bTON
100 _aTonsavi, Tahir
_918183
245 _aQuaid e Azam ty Saraiki Zuban o Adab /
_cTahir Tonsavi
260 _aMultan :
_bSaraiki Adabi board,
_c2002.
300 _a128 p. ;
880 _6100-01\r
_aطاہرتونسوی
880 _6245-02\r
_aقائداعظم تے سرائیکی زبان وادب /
942 _2ddc
_cBK